| 000 | 004880000a22001810004500 | ||
|---|---|---|---|
| 003 | MACL | ||
| 005 | 20160108125922.0 | ||
| 008 | 160108b xxu||||| |||| 00| 0 eng d | ||
| 040 |
_aMACL _cMACL |
||
| 041 | _aEnglish | ||
| 082 | _a910/STA | ||
| 100 |
_aStamp, L Dudley _929638 |
||
| 245 |
_aA Regional Geography _bfor advanced and scholarship courses part 6 |
||
| 260 |
_bLongman's Green And Co _c1959 _aLondon |
||
| 350 | _a21 | ||
| 650 |
_aGeography _929639 |
||
| 942 |
_cBK _k910/STA _2ddc |
||
| 999 |
_c35310 _d35310 |
||